<?xml version="1.0" encoding="UTF-8"?>
<marc:record xmlns:marc="http://www.loc.gov/MARC21/slim">
   <marc:leader>00000nam a2200000 a 4500</marc:leader>
   <marc:datafield ind1="1" ind2=" " tag="100">
      <marc:subfield code="a">Boehme, Julia</marc:subfield>
      <marc:subfield code="4">aut</marc:subfield>
      <marc:subfield code="e">Verfasser/-in</marc:subfield>
   </marc:datafield>
   <marc:datafield ind1="1" ind2=" " tag="100">
      <marc:subfield code="a">Albrecht, Herdis</marc:subfield>
   </marc:datafield>
   <marc:datafield ind1="0" ind2="0" tag="245">
      <marc:subfield code="a">Conni und der Pferdeflüsterhof</marc:subfield>
   </marc:datafield>
   <marc:datafield ind1="0" ind2="0" tag="245">
      <marc:subfield code="c">Julia Boehme</marc:subfield>
   </marc:datafield>
   <marc:datafield ind1=" " ind2="1" tag="264">
      <marc:subfield code="a">Hamburg</marc:subfield>
      <marc:subfield code="b">Carlsen</marc:subfield>
      <marc:subfield code="c">2026</marc:subfield>
   </marc:datafield>
   <marc:datafield ind1="1" ind2=" " tag="490">
      <marc:subfield code="a">Conni Erzählbände</marc:subfield>
      <marc:subfield code="v">47</marc:subfield>
   </marc:datafield>
   <marc:datafield ind1=" " ind2=" " tag="250">
      <marc:subfield code="a">1. Auflage</marc:subfield>
   </marc:datafield>
   <marc:datafield ind1="1" ind2=" " tag="520">
      <marc:subfield code="a">Conni ist sauer! Eigentlich wollte sie mit Anna in den Ferien wieder auf den Reithof. Doch bei den Behrens war nur noch ein einziger Platz frei und den schnappt sich Anna. Dann fährt Conni eben woanders hin &#x96; allein! Doch auf den Pferdeflüsterhof wird ganz anders geritten, als sie es kennt. Die Jungs sind doof und die Mädchen nicht in ihrem Alter. Und dann bekommt sie auch noch Danny, das größte Pferd überhaupt! Da erhält die Ranchbesitzerin Olivia einen Anruf. Ein verängstigtes Mini-Shetlandpony wurde in der Pferdeklappe abgegeben! Ob es auf dem Pferdeflüsterhof ein neues Zuhause findet?</marc:subfield>
   </marc:datafield>
   <marc:datafield ind1=" " ind2=" " tag="020">
      <marc:subfield code="a">9783551556370</marc:subfield>
      <marc:subfield code="9">9783551556370</marc:subfield>
   </marc:datafield>
   <marc:datafield ind1=" " ind2=" " tag="020">
      <marc:subfield code="a">3551556377</marc:subfield>
      <marc:subfield code="9">3551556377</marc:subfield>
   </marc:datafield>
   <marc:datafield ind1="3" ind2=" " tag="024">
      <marc:subfield code="a">9783551556370</marc:subfield>
   </marc:datafield>
   <marc:datafield ind1=" " ind2=" " tag="041">
      <marc:subfield code="a">ger</marc:subfield>
   </marc:datafield>
   <marc:datafield ind1=" " ind2=" " tag="300">
      <marc:subfield code="a">128 Seiten, Farbig illustriert</marc:subfield>
   </marc:datafield>
</marc:record>
